000 00573nam a2200229Ia 4500
003 OSt
005 20220924141325.0
006 a|||||r|||| 00| 0
007 ta
008 220923b |||||||| |||| 00| 0 ben d
024 _a297930
037 _cTextual
040 _aARTS
_cARTS
_bben
041 _2ben
_aben
082 _aO157,3NDU,1, L8.1
100 _aDutta Krishna
245 0 _aEnglish channel
260 _c1978
650 _aBENGALI LITERATURE
942 _hO157,3NDU,1, L8.1
_cTEXL
_2CC
999 _c446958
_d446958